| 000 | 00630 a2200193 4500 | ||
|---|---|---|---|
| 010 | _aENG-89116 | ||
| 020 |
_a8189681109 _c300.00 |
||
| 035 | _aEN-72649 | ||
| 037 | _bDBAD / PUB | ||
| 082 | 1 | 4 | _a372.6521044 |
| 090 |
_c10314 _d10314 |
||
| 100 | 1 | _aPaliwal, Anil Kumar | |
| 245 | 1 |
_aHow to teach english / _cby Anil Kumar Paliwal |
|
| 260 |
_aJaipur _bKalpana Publications _c2007 |
||
| 270 |
_aAbove Shop No. 157, Chandpole Bazar, _bJaipur - 1 |
||
| 300 |
_a250p. _c22cm (Hb ) |
||
| 942 |
_adpl _cEN _k372.6521044 / PAL |
||
| 999 |
_c10058 _d10058 |
||